| 000 | 00473nam a2200205Ia 4500 | ||
|---|---|---|---|
| 003 | OSt | ||
| 005 | 20230505133511.0 | ||
| 008 | 210423s2006 xx 000 0 und d | ||
| 020 | _a8180940179 | ||
| 040 | _cAL | ||
| 041 | _aeng | ||
| 082 | _a576.64 SARP | ||
| 100 |
_aSARAVANAN (P). _998721 |
||
| 245 | _aVirology. | ||
| 260 |
_aChennai _bOxford University Press _c2006 |
||
| 300 |
_axviii,418 _bPB |
||
| 365 |
_b250 _cINR |
||
| 906 | _aVirology. | ||
| 942 |
_2ddc _cBK |
||
| 999 |
_c163354 _d163354 |
||